| 000 | 01160cam a2200313 a 4500 | ||
|---|---|---|---|
| 999 |
_c1873 _d1873 |
||
| 001 | 1873 | ||
| 003 | BD-JhCC | ||
| 005 | 20171025185046.0 | ||
| 008 | 020702s2002 nju ba 001 0deng | ||
| 020 | _a0471224073 (hc) | ||
| 035 | _a(BD-JhCC)1873 | ||
| 040 |
_aDLC _cDLC _dDLC |
||
| 041 | _aeng | ||
| 050 | 0 | 0 |
_aHG4928.5 _b.K336 2002 |
| 082 | 0 | 0 |
_a332.6/2 _221 _bKAD 2002 |
| 100 | 1 | _aKador, John. | |
| 245 | 1 | 0 |
_aCharles Schwab : _bhow one company beat Wall Street and reinvented the brokerage industry / _cJohn Kador. |
| 260 |
_aHoboken, NJ : _bJ. Wiley, _cc2002. |
||
| 300 |
_ax, 324 p. ; _c24 cm. |
||
| 504 | _aIncludes bibliographical references (p. 307-311) and index. | ||
| 600 | 1 | 0 | _aSchwab, Charles. |
| 610 | 2 | 0 | _aCharles Schwab Corporation |
| 650 | 0 |
_aStockbrokers _zNew York (State) _zNew York _xHistory. |
|
| 856 | 4 | 2 |
_3Contributor biographical information _uhttp://www.loc.gov/catdir/bios/wiley045/2002010446.html |
| 856 | 4 | 2 |
_3Publisher description _uhttp://www.loc.gov/catdir/description/wiley039/2002010446.html |
| 856 | 4 | 1 |
_3Table of contents _uhttp://www.loc.gov/catdir/toc/wiley031/2002010446.html |
| 942 |
_2ddc _cBK |
||